Statistics for Landlocked Mexican States

Click here to take the quiz!

General Stats

  • This quiz has been taken 27 times
  • The average score is 12 of 15

Answer Stats

Area State % Correct
247,460Chihuahua
100%
34,306Puebla
92%
22,351México
88%
61,137San Luis Potosí
84%
151,595Coahuila
84%
20,813Hidalgo
80%
3,997Tlaxcala
80%
64,156Nuevo León
76%
123,317Durango
76%
4,879Morelos
72%
5,616Aguascalientes
72%
75,284Zacatecas
72%
11,699Querétaro
72%
30,607Guanajuato
68%
1,495Mexico City
48%

Score Distribution

Percentile by Number Answered

Percent of People with Each Score

Your Score History

You have not taken this quiz